Random Geographic Groups of Three - Statistics

General Stats
  • This quiz has been taken 4,986 times
  • The average score is 13 of 18
Answer Stats
group answer % Correct
China
99%
Countries where Chinese is an Official Language China
99%
Los Angeles
99%
Countries where Dutch is an Official Language Netherlands
99%
Largest Cities in the United States New York
99%
Norway
99%
Countries Bordering North Korea South Korea
99%
Scandinavian Countries Sweden
99%
Largest Oceanian Countries Australia
98%
Largest Countries in North America Canada
98%
Denmark
98%
Libya
98%
1M California Cities Los Angeles
98%
Mexico
98%
New Zealand
98%
Japanese Megacities Tokyo
98%
United States
98%
Majority Hindu Countries India
97%
London
97%
Longest African Rivers Nile
97%
Asia
96%
South American Non Spanish-Speaking Countries Brazil
96%
Sudan
96%
Atlantic
95%
Countries Bordering Paraguay Brazil
95%
Largest Urban Areas in Florida Miami
95%
Northern Hemisphere Oceans Pacific
95%
JetPunk Continents Starting with "A" Africa
94%
Argentina
94%
Southernmost Countries Chile
94%
Highest Mountains in the World Everest
94%
Holiest Cities in Islam Mecca
94%
Michigan
94%
Paris
94%
Portugal
94%
Iberian Countries Spain
94%
Wellington
94%
Target Locations of 9/11 Attacks World Trade Center
94%
Armenia
93%
African Countries on the Red Sea Egypt
93%
Baltic States Estonia
93%
Latvia
93%
Lithuania
93%
Saint Kitts and Nevis
93%
Wales
93%
Major Mountain Ranges Entirely in Europe Alps
92%
Andorra
92%
Argentina
92%
Azerbaijan
92%
Bolivia
92%
Caucasus Countries Georgia
92%
Guyana
92%
Scotland
92%
Suriname
92%
Taiwan
92%
Countries on the Yellow Sea China
91%
Countries on the Malay Peninsula Malaysia
91%
Mexico
91%
Russia
91%
Saint Vincent and the Grenadines
91%
United States
91%
Pacific Northwest States Washington
91%
Amsterdam
90%
Antarctica
90%
Constituent Countries on Great Britain England
90%
Papua New Guinea
90%
Papua New Guinea
90%
Countries Starting with "Saint" Saint Lucia
90%
Countries Bordering Egypt Israel
89%
Oregon
89%
Largest Cities in New Zealand Auckland
88%
Chicago
88%
Countries Containing "Guinea" Guinea-Bissau
88%
Jerusalem
88%
Largest African Great Lakes Lake Victoria
88%
New Zealand
88%
Uganda
88%
Yellow
88%
Kenya
87%
Largest Cities Entirely in Europe Moscow
87%
Countries on Lake Victoria Tanzania
87%
Texas
87%
South African Capitals Cape Town
86%
Eritrea
86%
Largest Cities on Java Jakarta
85%
Nepal
85%
San Diego
85%
Sudan
85%
Largest Urban Areas in Israel Tel Aviv
85%
Toronto
85%
Arctic
84%
Belgium
84%
Modern City States Monaco
84%
Benelux Countries Netherlands
84%
Luxembourg
83%
Pentagon
83%
Largest Mediterranean Islands Sicily
83%
Thailand
83%
Congo
82%
Countries on Borneo Indonesia
82%
Belgium
81%
Equatorial Guinea
81%
Enclaved Countries Lesotho
81%
Countries that have Controlled California Spain
81%
States on Lake Superior Minnesota
80%
Vatican City
80%
Vatican City
80%
Brunei
79%
Idaho
79%
Malaysia
79%
Pretoria
79%
Osaka
78%
Sardinia
78%
Major Alaskan Cities Anchorage
77%
Botswana
77%
Formerly Independent US States Hawaii
77%
K2
77%
Orlando
77%
Kalahari Desert Countries South Africa
77%
South Korea
77%
Tokyo
77%
Wisconsin
77%
Longest Chinese Rivers Yangtze
77%
Major Rivers Starting in Colorado Colorado River
76%
Namibia
76%
North Korea
76%
Singapore
76%
Myanmar
75%
Largest Dutch Cities Rotterdam
75%
San Marino
75%
Singapore
75%
States Containing Yellowstone Wyoming
75%
Idaho
74%
Pyrenees
74%
Algeria
73%
Jerusalem
73%
Montana
73%
Atlas Mountains Countries Morocco
73%
Juneau
71%
Inhabited US Pacific Territories Guam
70%
Tampa
70%
Tunisia
70%
Corsica
67%
Medina
67%
Shanghai
67%
Dutch Territories Closest to Venezuela Aruba
65%
Bloemfontein
65%
Suriname
65%
Provinces on the Hudson Bay Quebec
64%
White House
64%
Canadian Territories Yukon
64%
Christchurch
63%
Niger
63%
Ontario
63%
Former Capitals of Canada Quebec City
63%
Nunavut
62%
Largest Balearic Islands Mallorca
61%
Ibiza
60%
Largest Native American Tribes in the US Navajo
60%
French Polynesia
58%
Urban Areas over 35M Guangzhou
58%
Ottawa
58%
San Jose
57%
Northwest Territories
55%
Curaçao
54%
Main Rock Types Igneous
53%
Minorca
53%
American Samoa
51%
Cherokee
50%
Nagoya
50%
Regions of the Pacific Polynesia
50%
Sedimentary
50%
Fairbanks
49%
Longest French Rivers Rhine River
49%
Manitoba
48%
Rio Grande
48%
Isle of Man
47%
Quechua
47%
Largest Cities in Myanmar Yangon
47%
Haifa
46%
Lake Malawi
46%
Largest Pearl River Delta Cities Guangzhou
45%
Hong Kong
45%
Guernsey
44%
British Crown Dependencies Jersey
44%
Mekong
44%
Naypyidaw
44%
Micronesia
43%
French Territories in Oceania New Caledonia
41%
Utrecht
40%
Igbo
39%
Bonaire
38%
Lake Tanganyika
38%
Metamorphic
38%
Melanesia
37%
Northern Territory
35%
Maritime Provinces Nova Scotia
33%
Prince Edward Island
33%
Shenzhen
33%
Mandalay
32%
Vermont
31%
Surabaya
30%
Australian Internal Territories Australian Capital Territory
28%
New Brunswick
28%
Northern Mariana Islands
28%
Sioux
28%
Bandung
27%
Main Languages of Nigeria Yoruba
27%
National Parks in Wales Snowdonia
26%
Guarani
25%
Carpathians
24%
Mauritius
21%
Brecon Beacons
18%
National Parks in Washington Olympic
18%
Major South American Indigenous Languages Aymara
16%
Tri-Cities of Washington Kennewick
16%
Rainier
16%
Wallis and Futuna
16%
Hausa
15%
Pasco
14%
Richland
14%
Pembrokeshire Coast
9%
Jervis Bay Territory
8%
Loire River
8%
Kangchenjunga
7%
North Cascades
6%
Rhône River
5%
Platte River
1%
No matching quizzes found
Score Distribution
Percent of People with Each Score
Percentile by Number Answered
Your Score History
You have not taken this quiz